| 000 | 00593nam a2200241 a 4500 | ||
|---|---|---|---|
| 001 | nice12345678 | ||
| 003 | IN_TiNIC | ||
| 005 | 20260116012836.0 | ||
| 008 | 050524s1991 dela grp 000 0 eng | ||
| 020 |
_a _c200 |
||
| 082 | 0 | 0 |
_a306.0899145 _bMUR. |
| 100 | _aMurthy, A S N | ||
| 245 |
_aReligion and Society _b a Study of Koyas. |
||
| 260 |
_aDelhi _bDiscovery Pub.House _c1991 |
||
| 300 | _a196p | ||
| 500 | _aincludes index and biblioraphy | ||
| 505 | 2 | _aIndex. | |
| 650 | _aCaste-India-Kerala | ||
| 700 | 1 | _aMurthy, A S N | |
| 902 | _bSRS | ||
| 942 | _cBK | ||
| 999 |
_c8602 _d8602 |
||